Countries with the Most Cultural Influence - Statistics

General Stats
  • This quiz has been taken 137 times
  • The average score is 16 of 20
Answer Stats
Rank Answer % Correct
1 Italy
98%
3 United States
98%
16 China
95%
2 France
95%
5 Japan
95%
4 Spain
92%
6 United Kingdom
92%
10 Germany
91%
11 Brazil
87%
15 Canada
86%
12 Australia
82%
13 Greece
82%
7 South Korea
82%
18 Netherlands
75%
14 Sweden
72%
8 Switzerland
62%
20 Thailand
56%
19 Denmark
52%
9 United Arab Emirates
48%
17 Singapore
40%
No matching quizzes found
Score Distribution
Percent of People with Each Score
Percentile by Number Answered
Your Score History
You have not taken this quiz